000 00490nam a2200157 4500
001 111261
003 ES-MaACL
005 20230906185255.0
007 t|
008 061121s1967 sp r ||||1| spa d
100 1 _aNegri Patroni, L.
_985304
245 1 3 _aLa investigación operativa como instrumento de la dirección /
_cpor P. Negri; traducida por Pedro Romero.
260 _aMadrid :
_bIbérico Europea,
_c1967.
300 _a343 p. ;
_c22 cm.
852 _aES-MaACL
_jC-33976
_bR.64425
999 _c111261
_d111261